Komentár k zákonu č. 476/2003 Z.z. ...

Komentár ... , ktorým sa mení a dopĺňa zákon Slovenskej národnej rady č. 317/1992 Zb. o dani z nehnuteľností v znení neskorších predpisov.

Enregistré dans:
Détails bibliographiques
Auteur principal: Bubeníková, Irena
Format: Chapitre de livre
Langue:slovaque
Sujets:
Tags: Ajouter un tag
Pas de tags, Soyez le premier à ajouter un tag!

MARC

LEADER 00000naa$a2200000$$$4500
001 0003476
005 20230927072210.9
041 0 |a slo 
044 |a SK 
245 1 0 |a Komentár k zákonu č. 476/2003 Z.z. ...  |c aut. Irena Bubeníková 
520 |a Komentár ... , ktorým sa mení a dopĺňa zákon Slovenskej národnej rady č. 317/1992 Zb. o dani z nehnuteľností v znení neskorších predpisov. 
610 2 0 |a zákony 
610 2 0 |a dane z nehnuteľností 
610 2 0 |a komentáre 
610 2 0 |a 2003 
100 1 |a Bubeníková, Irena